An evaluation of the Ministry of Education retention strategies in rural Zambia: a case of Kapombo and Zambezi districts (Record no. 42718)

MARC details
000 -LEADER
fixed length control field 00875nam a2200193 a 4500
008 - FIXED-LENGTH DATA ELEMENTS--GENERAL INFORMATION
fixed length control field 160906s2015 ||||||||||||||||| || u
050 ## - LIBRARY OF CONGRESS CALL NUMBER
Classification number CBU-PG THESIS/CHI
100 ## - MAIN ENTRY--PERSONAL NAME
Personal name Chinoya, Thom
245 13 - TITLE STATEMENT
Title An evaluation of the Ministry of Education retention strategies in rural Zambia: a case of Kapombo and Zambezi districts
Statement of responsibility, etc. by Thom Chinoya
260 ## - PUBLICATION, DISTRIBUTION, ETC.
Place of publication, distribution, etc. Kitwe:
Name of publisher, distributor, etc. Copperbelt University
Date of publication, distribution, etc. 2015
300 ## - PHYSICAL DESCRIPTION
Extent xii, 109p.: ill.
500 ## - GENERAL NOTE
General note Includes References
650 ## - SUBJECT ADDED ENTRY--TOPICAL TERM
Topical term or geographic name entry element MINORITY TEACHERS--RECRUITING--ZAMBIA, RURAL AREAS
650 ## - SUBJECT ADDED ENTRY--TOPICAL TERM
Topical term or geographic name entry element TEACHERS--SALARIES, ETC
650 ## - SUBJECT ADDED ENTRY--TOPICAL TERM
Topical term or geographic name entry element TEACHERS--TRAINING OF
650 ## - SUBJECT ADDED ENTRY--TOPICAL TERM
Topical term or geographic name entry element TEACHERS--SELECTION AND APPOINTMENT--ZAMBIA--STATISTICS
650 ## - SUBJECT ADDED ENTRY--TOPICAL TERM
Topical term or geographic name entry element TEACHER TURNOVER--ZAMBIA
995 ## - RECOMMENDATION 995 [LOCAL, UNIMARC FRANCE]
-- CBU-MAIN LIBRARY (Kitwe)
-- 1
-- AVAILABLE
-- Sep 6, 2016
-- Copperbelt University
-- University Collection
Holdings
Withdrawn status Lost status Source of classification or shelving scheme Damaged status Not for loan Home library Current library Shelving location Date acquired Total Checkouts Full call number Barcode Date last seen Price effective from Koha item type
          CBU-MAIN LIBRARY, KITWE. CBU-MAIN LIBRARY, KITWE.   11/30/2022   CBU-PG THESIS/CHI B2302 11/30/2022 11/30/2022 MONOGRAPH